Central Library OPAC University of Rajshahi

The literature of the Spanish people : from Roman times to the present day / (Record no. 23908)

MARC details
000 -LEADER
fixed length control field 00814cam a22002651 4500
001 - CONTROL NUMBER
control field 23908
003 - CONTROL NUMBER IDENTIFIER
rucl marc code BD-RjUL
005 - DATE AND TIME OF LATEST TRANSACTION
control field 20211209001002.0
008 - FIXED-LENGTH DATA ELEMENTS--GENERAL INFORMATION
fixed length control field 140312s1962 enk b 001 0 eng d
035 ## - SYSTEM CONTROL NUMBER
System control number (BD-RjUL)23973
System control number (OCoLC)258659
040 ## - CATALOGING SOURCE
Original cataloging agency DLC
Transcribing agency OAU
Modifying agency OCoLC
-- BD-RjUL
Language of cataloging eng
041 ## - LANGUAGE CODE
Language code of text/sound track or separate title eng
082 ## - DEWEY DECIMAL CLASSIFICATION NUMBER
Classification number 860.9
Author mark and year BRL 1962
100 1# - MAIN ENTRY--PERSONAL NAME
Personal name Brenan, Gerald.
9 (RLIN) 73614
245 14 - TITLE STATEMENT
Title The literature of the Spanish people : from Roman times to the present day /
260 ## - PUBLICATION, DISTRIBUTION, ETC. (IMPRINT)
Place of publication, distribution, etc. Cambridge :
Name of publisher, distributor, etc. University Press,
Date of publication, distribution, etc. 1951 [Reprinted 1962].
300 ## - PHYSICAL DESCRIPTION
Pagination xxii, 342 p. ;
Size 23 cm.
500 ## - GENERAL NOTE
General note Errata slip inserted.
504 ## - BIBLIOGRAPHY, ETC. NOTE
Bibliography, etc Bibliography: p. 471-487 and index.
650 #0 - SUBJECT ADDED ENTRY--TOPICAL TERM
Topical term or geographic name as entry element Spanish literature
General subdivision History and criticism.
9 (RLIN) 67846
942 ## - ADDED ENTRY ELEMENTS (KOHA)
Source of classification or shelving scheme Dewey Decimal Classification
Koha item type Books
Holdings
Lost status Source of classification or shelving scheme Damaged status Not for loan Collection code Permanent Location Current Location Shelving location Date acquired Source of acquisition Cost, normal purchase price Total Checkouts Full call number Date last seen Copy number Koha item type
  Dewey Decimal Classification   Added to bundle Non-fiction Central Library, University of Rajshahi Central Library, University of Rajshahi Reading Room 18/10/1965 Black well 55.00   860.9 BRL 1962 12/03/2014 C-1 Books